Fabric Structure and Design (Record no. 1673)

MARC details
000 -LEADER
fixed length control field 00360nam a2200145Ia 4500
008 - FIXED-LENGTH DATA ELEMENTS--GENERAL INFORMATION
fixed length control field 191201s2006 xx 000 0 und d
082 ## - DEWEY DECIMAL CLASSIFICATION NUMBER
Classification number 677.02832
Item number GOF
100 ## - MAIN ENTRY--PERSONAL NAME
Personal name GOKARNESHAN, N
245 #0 - TITLE STATEMENT
Title Fabric Structure and Design
250 ## - EDITION STATEMENT
Edition statement 1st
260 ## - PUBLICATION, DISTRIBUTION, ETC. (IMPRINT)
Place of publication, distribution, etc N.Delhi
Name of publisher, distributor, etc New Age International Pub
Date of publication, distribution, etc 2006
300 ## - PHYSICAL DESCRIPTION
Extent 139
650 ## - SUBJECT ADDED ENTRY--TOPICAL TERM
Topical term or geographic name as entry element B.Tech(TE)
942 ## - ADDED ENTRY ELEMENTS (KOHA)
Source of classification or shelving scheme Dewey Decimal Classification
Koha item type Text Books
Holdings
Withdrawn status Lost status Source of classification or shelving scheme Damaged status Not for loan Collection code Home library Current library Date acquired Source of acquisition Cost, normal purchase price Bill Number Total Checkouts Full call number Acc. no. / Barcode Date last seen Bill Date Koha item type Date last borrowed
    Dewey Decimal Classification     B.Tech(TE) PIET C-LIBRARY PIET C-LIBRARY 19/08/2006 M/s UBS, Delhi 70.00 125382   677.02832 GOF 2976 04/12/2019 23/08/2005 Text Books  
    Dewey Decimal Classification     B.Tech(TE) PIET C-LIBRARY PIET C-LIBRARY 19/08/2006 M/s UBS, Delhi 70.00 125382 6 677.02832 GOF 2977 10/01/2025 23/08/2005 Text Books 07/01/2025
    Dewey Decimal Classification     B.Tech(TE) PIET C-LIBRARY PIET C-LIBRARY 19/08/2006 M/s UBS, Delhi 70.00 125382 9 677.02832 GOF 2978 10/01/2025 23/08/2005 Text Books 07/01/2025
    Dewey Decimal Classification     B.Tech(TE) PIET C-LIBRARY PIET C-LIBRARY 25/02/2009 Indian International Text Book 170.00 105   677.02832 GOF 11276 04/12/2019 28/01/2009 Text Books  
    Dewey Decimal Classification     B.Tech(TE) PIET C-LIBRARY PIET C-LIBRARY 25/02/2009 Indian International Text Book 170.00 105 3 677.02832 GOF 11277 09/11/2023 28/01/2009 Text Books 03/11/2023
    Dewey Decimal Classification     B.Tech(TE) PIET C-LIBRARY PIET C-LIBRARY 25/02/2009 Indian International Text Book 170.00 105 6 677.02832 GOF 11278 14/10/2024 28/01/2009 Text Books 04/10/2024
    Dewey Decimal Classification     B.Tech(TE) PIET C-LIBRARY PIET C-LIBRARY 25/02/2009 Indian International Text Book 170.00 105 3 677.02832 GOF 11279 10/01/2024 28/01/2009 Text Books 08/01/2024
    Dewey Decimal Classification     B.Tech(TE) PIET C-LIBRARY PIET C-LIBRARY 25/02/2009 Indian International Text Book 170.00 105 3 677.02832 GOF 11280 06/11/2023 28/01/2009 Text Books 13/10/2023

Design & Developed by: PIET Central Library
R70 Miles Stone Pattikalyana Samalkha Panipat 132102
mail ID :- [email protected], Phone No:- 0180-2569700 Ex.216